| 000 | 00811cam a22002531 4500 | ||
|---|---|---|---|
| 001 | he 68001415 | ||
| 003 | DLC | ||
| 005 | 20260227111458.0 | ||
| 008 | 830616s1963 is 000 0 heb | ||
| 010 | _ahe 68001415 | ||
| 035 | _a(OCoLC)19156812 | ||
| 040 |
_aDLC _cMH _dDLC |
||
| 042 | _apremarc | ||
| 050 | 0 | 0 |
_aPZ90.H3 _bB3 1963 |
| 100 | 1 |
_aBarash, Asher, _d1889-1952 |
|
| 245 | 1 | 0 |
_aMenorat ha-zahav / _cmeʻubad le-ʻIvrit ḳalah bi-yede Galyah Yardeni. |
| 260 |
_aJerusalem : _bha-Maḥlaḳah le-ḥinukh ule-tarbut ba-golah shel ha-Histadrut ha-Tsiyonit ha-ʻolamit, _c724 [1963] |
||
| 300 |
_a70 p. : _bill. ; _c19 cm. |
||
| 440 | 0 |
_aGesher la-noʻar ; _v4 |
|
| 500 | _aAdded t.p.: The golden candelabrum. | ||
| 650 | 0 | _aTales. | |
| 700 | 1 |
_aYardeni, Galia, _eed. |
|
| 752 |
_aIsrael _dJerusalem |
||
| 999 |
_c33291 _d33291 |
||